Joueur de la TMGL Winter-Hiver 2021 - TrackMania - Statistiques

Statistiques générales
  • Ce quiz a été pris 79 fois
  • Le résultat moyen est 15 sur 16
Statistiques - réponses
Nationalité Équipe Joueur % Correct
France KCorp Bren
100%
Canada Solary CarlJr
100%
France Gameward Gwen
99%
Suisse BDS Affi
97%
France Gaming Privé Aurel
97%
Royaume-Uni MNM Pac
96%
France GamersOrigins Papou
96%
Allemagne BIG Massa
94%
Australie Edelweiss Mudda
93%
République Tchèque McLaren Shadow Kappa
91%
Belqique Lazarus Scrapie
91%
Pays-bas Alliance Spam
88%
Slovénie Orgless Tween
84%
Pologne Team Secret evoN
82%
France Grizi Esport Link
82%
Allemagne NordaVin Riolu
81%
Aucun quiz correspondant
Distribution des résultats
% des personnes avec chaque résultat
Percentile par nombre de réponses
Votre historique - résultats
Vous n’avez pas pris ce quiz